000 00715nam a2200193Ii 4500
003 JO-AjNU
008 230605s9999||||xx |||||||||||||| ||und||
040 _aJO-AjNU
_bara
_erda
_cJO-AjNU
041 _aara
050 1 4 _aPR9199.3.K48.I4612 1986
100 3 _aروس، مالكوم ؛ ترجمة محمد عبد الواحد ,
_eauthor
_949330
245 0 0 _aالخلاصة العصية لتقاليدنا تاملات في الادب الكندي
264 3 1 _aبغداد:دار الشوؤن الثقافية العامة ، 1986
300 _a247ص
336 _atext
_btxt
_2rdacontent
337 _aunmediated
_bn
_2rdamedia
338 _avolume
_bnc
_2rdacarrier
650 4 _aالادب الكندي
_949331
999 _aA21660
_c25228
_d25228